[Event "Winnipeg Woodbury Memorial"]
[Site "Winnipeg"]
[Date "2019.12.10"]
[Round "6.10"]
[White "Myrzaibraimova, Aibike"]
[Black "Einarsson, Ken"]
[Result "1/2-1/2"]
[WhiteElo "1566"]
[BlackElo "1800"]
[PlyCount "177"]
[EventDate "2019.11.05"]
[EventType "swiss"]
[EventRounds "6"]
[EventCountry "CAN"]
[SourceTitle "EXT 2023"]
[Source "ChessBase"]
[SourceDate "2022.10.05"]
[SourceVersion "1"]
[SourceVersionDate "2022.10.05"]
[SourceQuality "1"]

1. e4 c6 2. d4 d5 3. exd5 cxd5 4. Nf3 Nc6 5. Be2 Nf6 6. 0-0 Bg4 7. c3 e6 8. h3 Bh5 9. Bf4 Be7 10. Nbd2 0-0 11. Qc2 Rc8 12. Bd3 Nb4 13. Qb1 Nxd3 14. Qxd3 Qb6 15. Qc2 Bxf3 16. Nxf3 Ne4 17. Ne5 Nf6 18. Bg5 Qxd4 19. Bxf6 Bxf6 20. Qxh7+ Kxh7 21. cxd4 Rc2 22. b3 Kg8 23. f4 Rfc8 24. g4 Rd2 25. Rfc1 Rcc2 26. Rxc2 Rxc2 27. Nf3 Kf8 28. Kf1 Ke8 29. Ke1 Kd8 30. h4 g6 31. h5 gxh5 32. gxh5 Rg2 33. Kf1 Rg4 34. Ke2 Rxf4 35. Ke3 Re4+ 36. Kd3 Bg7 37. Rg1 Bh6 38. Ne5 Ke7 39. a4 Rh4 40. Rf1 Rh3+ 41. Kc2 f5 42. Ng6+ Kf6 43. Ne5 Rxh5 44. Nd7+ Ke7 45. Nc5 b6 46. Na6 Rh2+ 47. Kc3 Rh3+ 48. Kc2 f4 49. Re1 Kd7 50. a5 f3 51. Rf1 Be3 52. Kd3 f2 53. axb6 axb6 54. Nb4 Bg5+ 55. Kc2 Bh4 56. Nd3 Ke7 57. Kd2 Rg3 58. Nxf2 Rxb3 59. Nd3 Bg5+ 60. Kc2 Ra3 61. Rb1 Kd6 62. Rxb6+ Ke7 63. Nc5 Re3 64. Rb7+ Kf6 65. Nd7+ Kf5 66. Nc5 Bf6 67. Rb4 Kf4 68. Ra4 Kf3 69. Ra5 Bxd4 70. Nxe6 Rxe6 71. Rxd5 Ke3 72. Rb5 Rc6+ 73. Kb3 Kd3 74. Kb4 Bc3+ 75. Kb3 Rc8 76. Rd5+ Bd4 77. Kb4 Rc1 78. Kb5 Rb1+ 79. Kc6 Ke4 80. Rb5 Rh1 81. Rd5 Be5 82. Rc5 Rh6+ 83. Kb5 Bd4 84. Rc4 Rb6+ 85. Ka4 Kd5 86. Rb4 Ra6+ 87. Kb3 Bc5 88. Ra4 Rxa4 89. Kxa4 1/2-1/2

[Event "Winnipeg Woodbury Memorial"]
[Site "Winnipeg"]
[Date "2019.11.05"]
[Round "2.1"]
[White "Einarsson, Ken"]
[Black "Wiebe, Isaac"]
[Result "0-1"]
[WhiteElo "1800"]
[BlackElo "2236"]
[PlyCount "32"]
[EventDate "2019.11.05"]
[EventType "swiss"]
[EventRounds "6"]
[EventCountry "CAN"]
[SourceTitle "EXT 2023"]
[Source "ChessBase"]
[SourceDate "2022.10.05"]
[SourceVersion "1"]
[SourceVersionDate "2022.10.05"]
[SourceQuality "1"]

1. d4 d5 2. c4 dxc4 3. Nc3 a6 4. e3 Nf6 5. Bxc4 b5 6. Bb3 Bb7 7. Nf3 e6 8. 0-0 Nbd7 9. d5 exd5 10. Nxd5 Bd6 11. Nxf6+ Nxf6 12. Nd4 0-0 13. Nf5 Bb4 14. Qc2 Be4 15. Qe2 Bxf5 16. a3 Bd3 0-1

[Event "Canadian op"]
[Site "Regina"]
[Date "2019.07.17"]
[Round "8"]
[White "Einarsson, Ken"]
[Black "Landstrom, William"]
[Result "1-0"]
[WhiteElo "1682"]
[BlackElo "1516"]
[PlyCount "95"]
[EventDate "2019.07.12"]
[EventType "swiss"]
[EventRounds "9"]
[EventCountry "CAN"]
[SourceTitle "EXT 2020"]
[Source "ChessBase"]
[SourceDate "2019.10.17"]
[SourceVersion "1"]
[SourceVersionDate "2019.10.17"]
[SourceQuality "1"]

1. d4 d6 2. c4 Nf6 3. Nc3 Nbd7 4. e4 e5 5. d5 c6 6. Nf3 Be7 7. Be2 Qc7 8. 0-0 0-0 9. h3 a5 10. Be3 b6 11. Rc1 Nc5 12. Qc2 Bb7 13. Rfd1 Rfd8 14. Nd2 Bf8 15. Bg5 h6 16. Bxf6 gxf6 17. dxc6 Bxc6 18. Nd5 Bxd5 19. exd5 Qe7 20. Ne4 Nd7 21. Ng3 Bg7 22. Nf5 Qf8 23. Rd3 e4 24. Rg3 Re8 25. Nxg7 Kh8 26. Nf5 Re5 27. Ne3 f5 28. f4 exf3 29. Rxf3 Rae8 30. Qc3 f6 31. Nxf5 Rxe2 32. Nh4 Qf7 33. Rcf1 Rg8 34. R3f2 Rxf2 35. Rxf2 Rc8 36. b3 Re8 37. Qd2 Kh7 38. Nf5 Qg6 39. Nxd6 Re5 40. Qc2 Re1+ 41. Kh2 Qxc2 42. Rxc2 Re3 43. Kg1 Kg6 44. Kf2 Rd3 45. Ne4 Nc5 46. Ke2 Rd4 47. Nxc5 bxc5 48. Rd2 1-0

[Event "Winnipeg Rosenbloom Memorial"]
[Site "Winnipeg"]
[Date "2017.12.19"]
[Round "7"]
[White "Einarsson, Ken"]
[Black "Boron, Anthony"]
[Result "1-0"]
[WhiteElo "1785"]
[BlackElo "2074"]
[PlyCount "69"]
[EventDate "2017.11.07"]
[EventType "swiss"]
[EventRounds "7"]
[EventCountry "CAN"]
[SourceTitle "EXT 2022"]
[Source "ChessBase"]
[SourceDate "2021.10.06"]
[SourceVersion "1"]
[SourceVersionDate "2021.10.06"]
[SourceQuality "1"]

1. d4 d5 2. c4 e6 3. Nc3 Nf6 4. e3 Be7 5. Nf3 0-0 6. Qc2 a6 7. cxd5 exd5 8. Bd3 Re8 9. 0-0 Nbd7 10. Ne5 Nf8 11. Bd2 c6 12. Rad1 Bd6 13. f4 Ng4 14. Bf5 Nh6 15. Bxc8 Qxc8 16. Ne2 f6 17. Nd3 Ng6 18. Ng3 Ng4 19. Rde1 Qd7 20. Nc5 Qf7 21. Nf5 Bf8 22. Qd1 Nh6 23. Nxh6+ gxh6 24. f5 Ne7 25. Nxb7 Nxf5 26. Rxf5 Qxb7 27. Rxf6 Bg7 28. Qg4 Qxb2 29. Bc1 Qc3 30. Ref1 Ra7 31. Re6 Rb8 32. Qh5 Bf8 33. Re8 Qb4 34. Ba3 Qxa3 35. Rxb8 1-0

[Event "Manitoba-ch Senior"]
[Site "Winnipeg"]
[Date "2017.12.10"]
[Round "4"]
[White "Einarsson, Ken"]
[Black "Boron, Anthony"]
[Result "1-0"]
[WhiteElo "1786"]
[BlackElo "2074"]
[PlyCount "93"]
[EventDate "2017.12.09"]
[EventType "tourn"]
[EventRounds "5"]
[EventCountry "CAN"]
[SourceTitle "EXT 2022"]
[Source "ChessBase"]
[SourceDate "2021.10.06"]
[SourceVersion "1"]
[SourceVersionDate "2021.10.06"]
[SourceQuality "1"]

1. d4 Nf6 2. c4 c5 3. d5 b5 4. b3 e6 5. dxe6 fxe6 6. e3 bxc4 7. Bxc4 d5 8. Bd3 Nc6 9. Bb2 Nb4 10. Nf3 Nxd3+ 11. Qxd3 Be7 12. 0-0 0-0 13. Ng5 h6 14. Bxf6 hxg5 15. Bxe7 Qxe7 16. Nd2 a5 17. Rfc1 a4 18. Qc3 axb3 19. axb3 Bb7 20. h3 Rfc8 21. Nf3 Qf6 22. Rxa8 Bxa8 23. Qa5 d4 24. Rxc5 Rf8 25. exd4 g4 26. hxg4 Bxf3 27. gxf3 Qxf3 28. Qe1 Qxg4+ 29. Kf1 Qh3+ 30. Ke2 Rf4 31. Rc3 Qh5+ 32. Kf1 Qb5+ 33. Qe2 Qd5 34. Rc8+ Kf7 35. Rc7+ Kg6 36. Qd3+ Kf6 37. Rxg7 Rxf2+ 38. Kxf2 Kxg7 39. Qg3+ Kh6 40. Qf4+ Kg6 41. Qg4+ Kf6 42. Qf3+ Qf5 43. b4 Ke7 44. Qxf5 exf5 45. Kf3 Kd6 46. Kf4 Kd5 47. b5 1-0

[Event "Winnipeg TNT September op"]
[Site "Winnipeg"]
[Date "2017.09.26"]
[Round "4"]
[White "Einarsson, Ken"]
[Black "Reimer, Bruce"]
[Result "1-0"]
[WhiteElo "1774"]
[BlackElo "1697"]
[PlyCount "93"]
[EventDate "2017.09.05"]
[EventType "swiss"]
[EventRounds "4"]
[EventCountry "CAN"]
[SourceTitle "EXT 2022"]
[Source "ChessBase"]
[SourceDate "2021.10.06"]
[SourceVersion "1"]
[SourceVersionDate "2021.10.06"]
[SourceQuality "1"]

1. d4 d6 2. c4 g6 3. Nc3 Bg7 4. Nf3 a6 5. e4 Bg4 6. Be2 e5 7. d5 Nf6 8. h3 Bd7 9. Qb3 Qc8 10. 0-0 0-0 11. Be3 b5 12. cxb5 axb5 13. Bxb5 Bxh3 14. gxh3 Qxh3 15. Be2 Nbd7 16. Ng5 Qh4 17. Kg2 Ng4 18. Nb5 Bh6 19. Rh1 Nxe3+ 20. Qxe3 Qxg5+ 21. Qxg5 Bxg5 22. Nxc7 Rab8 23. b3 Rfc8 24. Nb5 Rb6 25. Na3 Bd2 26. Nc4 Rxc4 27. Bxc4 Nf6 28. f3 Nh5 29. Rxh5 gxh5 30. Rh1 f6 31. Rxh5 Rb7 32. Rh2 Be3 33. Kh3 h5 34. a4 Ra7 35. Kg2 Rg7+ 36. Kf1 Rg5 37. b4 Kh7 38. a5 Kh6 39. b5 Rg8 40. b6 Rb8 41. Rb2 Bd4 42. Rb1 h4 43. Kg2 Kh5 44. a6 Rg8+ 45. Kh1 Bxb6 46. Rxb6 Ra8 47. Rxd6 1-0

[Event "Canadian op U2000"]
[Site "Windsor"]
[Date "2016.07.16"]
[Round "7.35"]
[White "Einarsson, Ken"]
[Black "Cashin, Ken"]
[Result "1/2-1/2"]
[WhiteElo "1780"]
[BlackElo "1837"]
[PlyCount "117"]
[EventDate "2016.07.10"]
[EventType "swiss"]
[EventRounds "9"]
[EventCountry "CAN"]
[SourceTitle "EXT 2022"]
[Source "ChessBase"]
[SourceDate "2021.10.06"]
[SourceVersion "1"]
[SourceVersionDate "2021.10.06"]
[SourceQuality "1"]

1. d4 Nf6 2. c4 e6 3. Nc3 Bb4 4. Bd2 0-0 5. Nf3 Nc6 6. e3 Bxc3 7. Bxc3 Ne4 8. Qc2 f5 9. Bd3 Nxc3 10. Qxc3 b6 11. 0-0 Bb7 12. Be2 Qf6 13. Rad1 d6 14. a3 a5 15. Qc2 Ne7 16. Rfe1 Rad8 17. b4 axb4 18. axb4 Ra8 19. c5 bxc5 20. bxc5 Be4 21. Qc4 d5 22. Qc3 Nc6 23. Ne5 Qg5 24. f3 Nxe5 25. dxe5 d4 26. exd4 Bd5 27. Bc4 Rfd8 28. Bxd5 Rxd5 29. Qd2 Qd8 30. Re3 Ra4 31. Rd3 c6 32. Qb2 Rc4 33. Kf1 Rcxc5 34. Rb3 Rb5 35. Rxb5 Rxb5 36. Qc3 Qd5 37. Rc1 Rb6 38. Qa1 Qb5+ 39. Kf2 Kf7 40. Rc5 Ra6 41. Rxb5 Rxa1 42. Rb7+ Kf8 43. Rd7 Ra2+ 44. Kg3 Rc2 45. Rd6 Ke7 46. f4 c5 47. Rc6 Rc3+ 48. Kh4 cxd4 49. Rd6 Rc2 50. Kh3 Rc3+ 51. g3 Rd3 52. Kh4 Rd1 53. Kh3 d3 54. Kg2 h6 55. h4 d2 56. Kf2 Rh1 57. Rxd2 Rh2+ 58. Ke3 Rh1 59. Kf3 1/2-1/2

[Event "Winnipeg TNT January op"]
[Site "Winnipeg"]
[Date "2016.01.05"]
[Round "1"]
[White "Einarsson, Ken"]
[Black "Wiebe, Isaac"]
[Result "0-1"]
[WhiteElo "1759"]
[BlackElo "2171"]
[PlyCount "80"]
[EventDate "2016.01.05"]
[EventType "swiss"]
[EventRounds "4"]
[EventCountry "CAN"]
[SourceTitle "EXT 2022"]
[Source "ChessBase"]
[SourceDate "2021.10.06"]
[SourceVersion "1"]
[SourceVersionDate "2021.10.06"]
[SourceQuality "1"]

1. d4 Nf6 2. c4 g6 3. Nc3 Bg7 4. Nf3 0-0 5. e4 d6 6. Be2 e5 7. dxe5 dxe5 8. 0-0 Qe7 9. Bg5 c6 10. Qc2 Na6 11. Rad1 Bg4 12. a3 Bxf3 13. Bxf3 Nc5 14. Bg4 h6 15. Bxf6 Qxf6 16. b4 Ne6 17. Rd6 Nd4 18. Rxf6 Nxc2 19. Rd6 Nxa3 20. c5 a5 21. bxa5 Rxa5 22. Ra1 Rfa8 23. Rd7 Rxc5 24. Nb1 Rc1+ 25. Bd1 Bf8 26. g3 b5 27. Kg2 b4 28. Bb3 Rxb1 29. Bxf7+ Kh8 30. Ra2 b3 31. Rad2 Nb5 32. Bxg6 Nd4 33. Rh7+ Kg8 34. Rb7 Ra5 35. Bf7+ Kh8 36. Rb8 Rb5 37. Rxb5 cxb5 38. f4 b2 39. Kh3 Ba3 40. fxe5 Ra1 0-1

[Event "Winnipeg op"]
[Site "Winnipeg"]
[Date "2015.07.06"]
[Round "6"]
[White "Einarsson, Ken"]
[Black "Boron, Anthony"]
[Result "1-0"]
[WhiteElo "1745"]
[BlackElo "2075"]
[PlyCount "81"]
[EventDate "2015.06.02"]
[EventType "swiss"]
[EventRounds "9"]
[EventCountry "CAN"]
[SourceTitle "EXT 2019"]
[Source "ChessBase"]
[SourceDate "2018.10.10"]
[SourceVersion "1"]
[SourceVersionDate "2018.10.10"]
[SourceQuality "1"]

1. d4 Nf6 2. c4 e6 3. Nc3 Bb4 4. Bd2 0-0 5. Nf3 b6 6. e3 Bb7 7. Bd3 d6 8. a3 Bxc3 9. Bxc3 Ne4 10. Qc2 f5 11. Bxe4 Bxe4 12. Qe2 Nd7 13. 0-0 Qe7 14. Nd2 Bb7 15. e4 f4 16. Nf3 g5 17. h3 h5 18. e5 d5 19. Nd2 Qh7 20. f3 Rf7 21. cxd5 Bxd5 22. Ne4 Qf5 23. Rae1 a6 24. Rf2 Rg7 25. Qc2 Rc8 26. Bd2 Qg6 27. Qc1 Bxe4 28. Rxe4 c5 29. dxc5 Nxc5 30. b4 Rgc7 31. Rc4 Nd3 32. Rxc7 Rxc7 33. Qxc7 Nxf2 34. Kxf2 Qd3 35. Qd6 Qc4 36. Qxb6 Kf7 37. Qd8 Kg6 38. Qf6+ Kh7 39. Qxg5 Qd4+ 40. Ke1 Qg1+ 41. Ke2 1-0

[Event "Winnipeg op"]
[Site "Winnipeg"]
[Date "2015.06.02"]
[Round "1"]
[White "Einarsson, Ken"]
[Black "Wiebe, Isaac"]
[Result "0-1"]
[WhiteElo "1745"]
[BlackElo "2037"]
[PlyCount "78"]
[EventDate "2015.06.02"]
[EventType "swiss"]
[EventRounds "9"]
[EventCountry "CAN"]
[SourceTitle "EXT 2019"]
[Source "ChessBase"]
[SourceDate "2018.10.10"]
[SourceVersion "1"]
[SourceVersionDate "2018.10.10"]
[SourceQuality "1"]

1. d4 d5 2. c4 c6 3. Nc3 e6 4. e3 Nf6 5. Qc2 Nbd7 6. Nf3 Be7 7. cxd5 exd5 8. Bd3 0-0 9. 0-0 Re8 10. Re1 Bd6 11. h3 Nf8 12. Bd2 Ng6 13. Rac1 Bd7 14. e4 dxe4 15. Nxe4 Nxe4 16. Bxe4 Be6 17. a3 Rc8 18. Ng5 Bd5 19. Bxd5 Rxe1+ 20. Rxe1 cxd5 21. Qf5 Rc7 22. h4 h6 23. Nxf7 Nxh4 24. Nxd8 Nxf5 25. Ne6 Rc2 26. Bc3 Bxa3 27. Rb1 Bd6 28. Nd8 b6 29. Nc6 a5 30. Re1 a4 31. Na7 a3 32. Nc8 axb2 33. Bxb2 Rxb2 34. Re8+ Kf7 35. Nxd6+ Nxd6 36. Re5 Rb5 37. Kf1 g6 38. g4 Nc4 39. Re2 Rb2 0-1